000 00674nam a2200217Ia 4500
005 20250508170049.0
008 008 250505s9999 xx 000 0 eng d
020 _a978-93-8944969-3
037 _aTextBook
040 _aFEDL
_beng
_cFEDL
041 _aeng
_2eng
084 _a378.54, VAR/R
_qFEDL
100 _aVarghese N V Ed.
245 0 _aIndia higher education report 2017: Teaching, learning and quality in higher education
260 _aNew Delhi, India
_bSage
_c2018
300 _axxvi, 377p.
365 _aINR
_b1250
700 _a Pachauri Anupam Ed. Mandal Sayantan Ed.
_9782877
942 _cTB
_h378.54, VAR/R
999 _c1399022
_d1399022